Tratado de diagnóstico diferencial Roentgenológico / (Record no. 129521)

MARC details
000 -LEADER
campo de control de longitud fija 00760nam a2200193 i 4500
001 - NÚMERO DE CONTROL
campo de control 129521
003 - IDENTIFICADOR DE NÚMERO DE CONTROL
campo de control ES-MaACL
005 - FECHA Y HORA DE LA ÚLTIMA TRANSACCIÓN
campo de control 20230906193522.0
007 - CAMPO FIJO DE DESCRIPCIÓN FÍSICA--INFORMACIÓN GENERAL
campo de control de longitud fija t|
008 - DATOS DE LONGITUD FIJA--INFORMACIÓN GENERAL
campo de control de longitud fija 070625m19541956sp ||||1| spa d
100 1# - ENTRADA PRINCIPAL--NOMBRE DE PERSONA
Nombre de persona Teschendorf, Werner.
9 (RLIN) 109820
245 10 - MENCIÓN DEL TÍTULO
Título Tratado de diagnóstico diferencial Roentgenológico /
Mención de responsabilidad, etc. Werner Teschendorf ; traducción de la tercera edición alemana por José Mª Plá Janini ; revisada por Vicente Carulla Riera.
260 ## - PUBLICACIÓN, DISTRIBUCIÓN, ETC.
Lugar de publicación, distribución, etc. Barcelona :
Nombre del editor, distribuidor, etc. Labor,
Fecha de publicación, distribución, etc. [entre 1954-56]
300 ## - DESCRIPCIÓN FÍSICA
Extensión 2 t. :
Otras características físicas il. ;
Dimensiones 27 cm.
505 8# - NOTA DE CONTENIDO CON FORMATO
Nota de contenido con formato Contiene: t. I. Enfermedades del Tórax. t. II. Enfermedades del Abdomen
700 1# - ENTRADA AGREGADA--NOMBRE PERSONAL
Nombre de persona Pla Janini, José María.
9 (RLIN) 92495
700 1# - ENTRADA AGREGADA--NOMBRE PERSONAL
Nombre de persona Carulla, Vicente.
9 (RLIN) 35915
852 ## - LOCALIZACIÓN
Ubicación ES-MaACL
Número de control de estantería C-11995-6
Sublocalización o colección R.40038
Holdings
Estatus retirado Estado de pérdida Estado de daño No para préstamo Biblioteca de origen Biblioteca actual Ubicación en estantería Fecha de adquisición Fuente de adquisición Total de préstamos Signatura topográfica completa Código de barras Visto por última vez Precio de reemplazo Tipo de ítem Koha
        Biblioteca del Ateneo de Madrid Biblioteca del Ateneo de Madrid Sala Palomar 17/01/2008     C-11995-6 1134874 23/02/2023 23/02/2023 Libro impreso